000 00353nam a2200157Ia 4500
003 Ost
005 20260225132543.0
008 260225s9999||||xx |||||||||||||| ||und||
040 _cfsic
041 _afre
082 _a440
100 _aLeonard W.Levy
_eAuteur
245 0 _aEmergence of a free press /
245 0 _cLeonard W.Levy
942 _cكتاب
999 _c33633
_d33633